Statistics for 2023 Rugby World Cup Participants

Click here to take the quiz!

General Stats

  • This quiz has been taken 40 times
  • The average score is 18 of 20

Answer Stats

PoolAnswer% Correct
DEngland
100%
AFrance
100%
BIreland
100%
ANew Zealand
100%
BScotland
100%
CWales
100%
CFiji
97%
AItaly
97%
BSouth Africa
97%
DArgentina
94%
CAustralia
94%
BTonga
94%
DSamoa
91%
DJapan
88%
ANamibia
85%
CPortugal
85%
DChile
79%
BRomania
79%
AUruguay
79%
CGeorgia
74%

Score Distribution

Percentile by Number Answered

Percent of People with Each Score

Your Score History

You have not taken this quiz